000 01037nam a2200289 i 4500
003 EG-GICUC
005 20260504101111.0
008 260504m19381939ua ||||fr|||| 00| 0bara d
040 _a EG-GICUC
_bara
_c EG-GICUC
_d EG-GICUC
_erda
041 0 _aara
082 0 4 _221
_a345
_bو ح . ق
092 0 4 _221
099 _aLaw1 07 345 و ح . ق 1939 0703119 V1, C1
100 0 _aوحيد فكرى رأفت
_eمؤلف.
245 1 2 _aالقانون الأداري.
_nالجزء الأول /
_c الدكتور وحيد فكرى رأفت.
264 1 _aالقاهرة :
_bمطبعة العلوم،
_c1939.
300 _a240 صفحة ؛
_c24 سم.
336 _2rda content
_atext
337 _2rda media
_aComputer
338 _2rda carrier
_aOnline Resource
504 _aيشتمل على إرجاعات ببليوجرافية.
546 _aالنص باللغة العربية
650 1 4 _aالقانون الإداري
856 4 0 _uhttps://fll.law.cu.edu.eg/fulltext/bks/B07-03119.pdf
905 _a164
942 _2ddc
_cBK
_e21
_n0
999 _c75446
_d75446